00579nam a22001817a 450000500170000001000140001702000260003103500130005703700130007008200120008310000200009524501220011525000120023726000290024927000660027830000340034450000190037820100731160448.0 aENG-97558 a9788131729304c399.00 aEN-81091 bDBAD/PUB a332.632 aKasapis, Andrew aMastering credit derivations :ba step-by-step guide to credit derivatives and structured credit /cby Andrew Kasapis a2nd. ed aNew DelhibPearsonc2010 a14 Local Shopping Centre, Panchsheel Park,bNew Delhie110017 axiv, 277p.:bill.c24cm (pbk) aincludes index